[Event "Tournoi International du Pays de Charleroi 2018"]
[Site "Roux, Belgium"]
[Date "2018.07.30"]
[Round "3.12"]
[White "Decrop, Benjamin"]
[Black "De Block, Yordi"]
[Result "1-0"]
[WhiteElo "2207"]
[BlackElo "2129"]

1. e4 {[%clk 01:30:30]} {[%emt 00:00:30]} e5 {[%clk 01:30:52]} {[%emt
00:00:09]} 2. Nf3 {[%clk 01:30:54]} {[%emt 00:00:05]} Nf6 {[%clk 01:31:18]}
{[%emt 00:00:04]} 3. Nc3 {[%clk 01:31:12]} {[%emt 00:00:12]} Nc6 {[%clk
01:31:43]} {[%emt 00:00:05]} 4. a3 {[%clk 01:31:39]} {[%emt 00:00:04]} d5
{[%clk 01:29:12]} {[%emt 00:03:01]} 5. Bb5 {[%clk 01:32:03]} {[%emt 00:00:05]}
d4 {[%clk 01:25:17]} {[%emt 00:04:25]} 6. Ne2 {[%clk 01:32:25]} {[%emt
00:00:07]} Nxe4 {[%clk 01:24:18]} {[%emt 00:01:30]} 7. d3 {[%clk 01:32:27]}
{[%emt 00:00:28]} Nd6 {[%clk 01:23:21]} {[%emt 00:01:28]} 8. Bxc6+ {[%clk
01:32:51]} {[%emt 00:00:06]} bxc6 {[%clk 01:23:48]} {[%emt 00:00:03]} 9. Nxe5
{[%clk 01:33:14]} {[%emt 00:00:06]} c5 {[%clk 01:23:44]} {[%emt 00:00:34]} 10.
c3 {[%clk 01:32:25]} {[%emt 00:01:19]} Nf5 {[%clk 01:15:09]} {[%emt 00:09:05]}
11. Qa4+ {[%clk 01:15:42]} {[%emt 00:17:14]} Bd7 {[%clk 01:15:34]} {[%emt
00:00:05]} 12. Qxd7+ {[%clk 01:15:21]} {[%emt 00:00:51]} Qxd7 {[%clk 01:16:02]}
{[%emt 00:00:02]} 13. Nxd7 {[%clk 01:15:43]} {[%emt 00:00:07]} Kxd7 {[%clk
01:16:27]} {[%emt 00:00:06]} 14. cxd4 {[%clk 00:59:32]} {[%emt 00:16:41]} Re8
{[%clk 01:11:27]} {[%emt 00:05:29]} 15. Kd1 {[%clk 00:59:27]} {[%emt 00:00:35]}
Nxd4 {[%clk 01:09:10]} {[%emt 00:02:48]} 16. Nxd4 {[%clk 00:59:47]} {[%emt
00:00:09]} cxd4 {[%clk 01:09:36]} {[%emt 00:00:04]} 17. Bf4 {[%clk 00:57:25]}
{[%emt 00:02:52]} Bd6 {[%clk 01:09:48]} {[%emt 00:00:18]} 18. Bxd6 {[%clk
00:57:04]} {[%emt 00:00:51]} Kxd6 {[%clk 01:10:17]} {[%emt 00:00:01]} 19. Rc1
{[%clk 00:57:07]} {[%emt 00:00:27]} Re5 {[%clk 01:04:05]} {[%emt 00:06:42]} 20.
Re1 {[%clk 00:57:06]} {[%emt 00:00:31]} Rhe8 {[%clk 01:03:55]} {[%emt
00:00:40]} 21. Rxe5 {[%clk 00:57:17]} {[%emt 00:00:20]} Rxe5 {[%clk 01:04:23]}
{[%emt 00:00:01]} 22. Rc4 {[%clk 00:57:39]} {[%emt 00:00:07]} Rd5 {[%clk
00:58:40]} {[%emt 00:06:13]} 23. b4 {[%clk 00:56:06]} {[%emt 00:02:03]} c6
{[%clk 00:54:19]} {[%emt 00:04:52]} 24. Kc2 {[%clk 00:46:04]} {[%emt 00:10:32]}
Kc7 {[%clk 00:54:02]} {[%emt 00:00:47]} 25. Kb3 {[%clk 00:46:14]} {[%emt
00:00:20]} Kb6 {[%clk 00:54:07]} {[%emt 00:00:25]} 26. Rc2 {[%clk 00:46:01]}
{[%emt 00:00:43]} a5 {[%clk 00:46:52]} {[%emt 00:07:45]} 27. Kc4 {[%clk
00:45:03]} {[%emt 00:01:28]} axb4 {[%clk 00:46:32]} {[%emt 00:00:51]} 28. axb4
{[%clk 00:45:28]} {[%emt 00:00:05]} Rd7 {[%clk 00:33:35]} {[%emt 00:13:27]} 29.
Ra2 {[%clk 00:40:15]} {[%emt 00:05:43]} f6 {[%clk 00:29:20]} {[%emt 00:04:44]}
30. f4 {[%clk 00:35:43]} {[%emt 00:05:02]} g6 {[%clk 00:24:48]} {[%emt
00:05:03]} 31. f5 {[%clk 00:25:28]} {[%emt 00:10:44]} gxf5 {[%clk 00:24:33]}
{[%emt 00:00:44]} 32. Rf2 {[%clk 00:25:07]} {[%emt 00:00:52]} Rg7 {[%clk
00:23:22]} {[%emt 00:01:40]} 33. g3 {[%clk 00:25:09]} {[%emt 00:00:29]} Rg5
{[%clk 00:23:13]} {[%emt 00:00:39]} 34. Rf4 {[%clk 00:25:08]} {[%emt 00:00:31]}
h5 {[%clk 00:20:35]} {[%emt 00:03:08]} 35. Rxd4 {[%clk 00:24:48]} {[%emt
00:00:50]} Kc7 {[%clk 00:14:37]} {[%emt 00:06:29]} 36. Rf4 {[%clk 00:24:41]}
{[%emt 00:00:36]} Kd6 {[%clk 00:14:26]} {[%emt 00:00:41]} 37. d4 {[%clk
00:24:08]} {[%emt 00:01:02]} Kd7 {[%clk 00:08:14]} {[%emt 00:06:42]} 38. d5
{[%clk 00:19:56]} {[%emt 00:04:43]} cxd5+ {[%clk 00:07:04]} {[%emt 00:01:40]}
39. Kxd5 {[%clk 00:20:19]} {[%emt 00:00:06]} h4 {[%clk 00:04:35]} {[%emt
00:03:00]} 40. gxh4 {[%clk 00:20:44]} {[%emt 00:00:05]} Rg2 {[%clk 00:04:33]}
{[%emt 00:00:32]} 41. Rxf5 {[%clk 00:20:56]} {[%emt 00:00:19]} Rxh2 {[%clk
00:05:01]} {[%emt 00:00:01]} 42. Rf4 {[%clk 00:21:03]} {[%emt 00:00:22]} Rh1
{[%clk 00:27:09]} {[%emt 00:08:23]} 43. b5 {[%clk 00:50:17]} {[%emt 00:01:16]}
Rd1+ {[%clk 00:21:25]} {[%emt 00:06:14]} 44. Kc5 {[%clk 00:49:52]} {[%emt
00:00:54]} Rh1 {[%clk 00:21:13]} {[%emt 00:00:43]} 45. b6 {[%clk 00:49:54]}
{[%emt 00:00:29]} f5 {[%clk 00:15:57]} {[%emt 00:05:45]} 46. Rb4 {[%clk
00:49:18]} {[%emt 00:01:06]} Kc8 {[%clk 00:16:18]} {[%emt 00:00:09]} 47. Kc6
{[%clk 00:46:54]} {[%emt 00:02:54]} Rf1 {[%clk 00:10:46]} {[%emt 00:06:02]} 48.
Rd4 {[%clk 00:38:15]} {[%emt 00:09:09]} Rc1+ {[%clk 00:10:55]} {[%emt
00:00:21]} 49. Kd6 {[%clk 00:36:34]} {[%emt 00:02:11]} Re1 {[%clk 00:09:08]}
{[%emt 00:02:17]} 50. Kc6 {[%clk 00:30:10]} {[%emt 00:06:54]} Rc1+ {[%clk
00:02:56]} {[%emt 00:06:42]} 51. Kd5 {[%clk 00:30:29]} {[%emt 00:00:11]} Re1
{[%clk 00:00:37]} {[%emt 00:02:49]} 52. Rf4 {[%clk 00:24:53]} {[%emt 00:06:06]}
Kb7 {[%clk 00:00:37]} {[%emt 00:00:29]} 53. Rxf5 {[%clk 00:24:33]} {[%emt
00:00:50]} Kxb6 {[%clk 00:01:04]} {[%emt 00:00:04]} 54. Re5 {[%clk 00:24:47]}
{[%emt 00:00:16]} Rf1 {[%clk 00:00:42]} {[%emt 00:00:52]} 55. Kd6 {[%clk
00:24:33]} {[%emt 00:00:44]} Rd1 {[%clk 00:00:37]} {[%emt 00:00:35]} 56. Rd5
{[%clk 00:24:58]} {[%emt 00:00:05]} Re1 {[%clk 00:00:45]} {[%emt 00:00:22]} 57.
h5 {[%clk 00:24:36]} {[%emt 00:00:52]} Rh1 {[%clk 00:00:40]} {[%emt 00:00:35]}
58. Kd7 {[%clk 00:24:19]} {[%emt 00:00:47]} Kb7 {[%clk 00:00:37]} {[%emt
00:00:33]} 59. Rb5+ {[%clk 00:24:17]} {[%emt 00:00:32]} Ka6 {[%clk 00:01:06]}
{[%emt 00:00:01]} 60. Rg5 {[%clk 00:24:33]} {[%emt 00:00:15]} Kb6 {[%clk
00:01:28]} {[%emt 00:00:06]} 61. Rg6+ {[%clk 00:24:39]} {[%emt 00:00:25]} Kc5
{[%clk 00:01:01]} {[%emt 00:00:57]} 62. h6 {[%clk 00:25:00]} {[%emt 00:00:09]}
Kd5 {[%clk 00:01:15]} {[%emt 00:00:16]} 63. Ke7 {[%clk 00:24:52]} {[%emt
00:00:38]} Ke5 {[%clk 00:01:36]} {[%emt 00:00:09]} 64. Kf7 {[%clk 00:25:18]}
{[%emt 00:00:04]} Kf5 {[%clk 00:01:41]} {[%emt 00:00:25]} 65. Ra6 {[%clk
00:25:25]} {[%emt 00:00:23]} Kg5 {[%clk 00:01:07]} {[%emt 00:01:04]} 66. Kg7
{[%clk 00:25:48]} {[%emt 00:00:06]} Rb1 {[%clk 00:00:42]} {[%emt 00:00:56]} 67.
Ra5+ {[%clk 00:26:11]} {[%emt 00:00:07]} Kg4 {[%clk 00:00:39]} {[%emt
00:00:32]} 68. Ra7 {[%clk 00:26:33]} {[%emt 00:00:09]} Rb6 {[%clk 00:00:31]}
{[%emt 00:00:38]} 69. h7 {[%clk 00:26:56]} {[%emt 00:00:07]} 1-0

[Event "Tournoi International du Pays de Charleroi 2018"]
[Site "Roux, Belgium"]
[Date "2018.07.30"]
[Round "3.8"]
[White "Dauw, Sterre"]
[Black "Miezis, Normunds"]
[Result "0-1"]
[BlackTitle "GM"]
[WhiteElo "2192"]
[BlackElo "2463"]

1. e4 {[%clk 01:30:57]} {[%emt 00:00:04]} c5 {[%clk 01:30:43]} {[%emt
00:00:17]} 2. Nf3 {[%clk 01:31:21]} {[%emt 00:00:04]} e6 {[%clk 01:31:03]}
{[%emt 00:00:11]} 3. d4 {[%clk 01:31:46]} {[%emt 00:00:05]} cxd4 {[%clk
01:31:23]} {[%emt 00:00:10]} 4. Nxd4 {[%clk 01:32:09]} {[%emt 00:00:07]} a6
{[%clk 01:31:36]} {[%emt 00:00:16]} 5. Bd3 {[%clk 01:32:33]} {[%emt 00:00:06]}
g6 {[%clk 01:30:36]} {[%emt 00:01:31]} 6. c4 {[%clk 01:30:16]} {[%emt
00:02:47]} Bg7 {[%clk 01:30:36]} {[%emt 00:00:29]} 7. Nf3 {[%clk 01:30:38]}
{[%emt 00:00:08]} Ne7 {[%clk 01:27:31]} {[%emt 00:03:35]} 8. O-O {[%clk
01:29:22]} {[%emt 00:01:46]} O-O {[%clk 01:27:44]} {[%emt 00:00:18]} 9. Nc3
{[%clk 01:29:34]} {[%emt 00:00:18]} Nbc6 {[%clk 01:27:21]} {[%emt 00:00:53]} 10.
Bf4 {[%clk 01:25:18]} {[%emt 00:04:46]} d5 {[%clk 01:24:34]} {[%emt 00:03:17]}
11. Qe2 {[%clk 01:13:45]} {[%emt 00:12:02]} d4 {[%clk 01:14:03]} {[%emt
00:11:01]} 12. Na4 {[%clk 01:10:58]} {[%emt 00:03:18]} e5 {[%clk 01:12:10]}
{[%emt 00:02:23]} 13. Bg3 {[%clk 01:09:12]} {[%emt 00:02:16]} Bg4 {[%clk
01:09:39]} {[%emt 00:03:01]} 14. h3 {[%clk 01:08:32]} {[%emt 00:01:10]} Bh5
{[%clk 01:09:21]} {[%emt 00:00:47]} 15. Bh2 {[%clk 01:06:05]} {[%emt 00:02:57]}
f5 {[%clk 01:09:31]} {[%emt 00:00:21]} 16. exf5 {[%clk 01:06:28]} {[%emt
00:00:07]} Bxf3 {[%clk 01:06:01]} {[%emt 00:04:00]} 17. Qxf3 {[%clk 01:05:23]}
{[%emt 00:01:36]} gxf5 {[%clk 01:06:03]} {[%emt 00:00:27]} 18. c5 {[%clk
00:52:06]} {[%emt 00:13:47]} e4 {[%clk 01:00:53]} {[%emt 00:05:39]} 19. Bc4+
{[%clk 00:52:23]} {[%emt 00:00:13]} Kh8 {[%clk 01:01:13]} {[%emt 00:00:10]} 20.
Qh5 {[%clk 00:52:48]} {[%emt 00:00:06]} Ne5 {[%clk 00:52:01]} {[%emt 00:09:41]}
21. Be6 {[%clk 00:49:57]} {[%emt 00:03:22]} Qe8 {[%clk 00:45:11]} {[%emt
00:07:19]} 22. Qxe8 {[%clk 00:45:34]} {[%emt 00:04:54]} Raxe8 {[%clk 00:43:06]}
{[%emt 00:02:35]} 23. b4 {[%clk 00:41:58]} {[%emt 00:04:07]} N7c6 {[%clk
00:32:35]} {[%emt 00:11:00]} 24. Bd5 {[%clk 00:42:07]} {[%emt 00:00:21]} Re7
{[%clk 00:31:44]} {[%emt 00:01:21]} 25. Rab1 {[%clk 00:41:00]} {[%emt
00:01:37]} d3 {[%clk 00:31:42]} {[%emt 00:00:32]} 26. b5 {[%clk 00:37:15]}
{[%emt 00:04:16]} axb5 {[%clk 00:31:58]} {[%emt 00:00:13]} 27. Rxb5 {[%clk
00:37:38]} {[%emt 00:00:06]} Rd8 {[%clk 00:31:57]} {[%emt 00:00:30]} 28. Nb6
{[%clk 00:36:44]} {[%emt 00:01:25]} Nd4 {[%clk 00:30:26]} {[%emt 00:02:02]} 29.
Ra5 {[%clk 00:33:02]} {[%emt 00:04:12]} Ne2+ {[%clk 00:29:59]} {[%emt
00:00:56]} 30. Kh1 {[%clk 00:33:24]} {[%emt 00:00:08]} Nc3 {[%clk 00:30:01]}
{[%emt 00:00:28]} 31. Bb3 {[%clk 00:33:43]} {[%emt 00:00:11]} d2 {[%clk
00:29:31]} {[%emt 00:01:00]} 32. Bd1 {[%clk 00:32:51]} {[%emt 00:01:23]} Nd3
{[%clk 00:25:06]} {[%emt 00:04:53]} 33. Bd6 {[%clk 00:30:25]} {[%emt 00:02:58]}
Ree8 {[%clk 00:25:00]} {[%emt 00:00:36]} 34. Bh5 {[%clk 00:25:15]} {[%emt
00:05:40]} d1=Q {[%clk 00:24:00]} {[%emt 00:01:30]} 0-1

[Event "Tournoi International du Pays de Charleroi 2018"]
[Site "Roux, Belgium"]
[Date "2018.07.30"]
[Round "3.25"]
[White "Barbier, Astrid"]
[Black "Mueller, Martin"]
[Result "1-0"]
[WhiteElo "1842"]
[BlackElo "2078"]

1. e4 {[%clk 01:30:57]} {[%emt 00:00:02]} c6 {[%clk 01:30:52]} {[%emt
00:00:08]} 2. d4 {[%clk 01:31:19]} {[%emt 00:00:09]} d5 {[%clk 01:31:17]}
{[%emt 00:00:05]} 3. exd5 {[%clk 01:31:43]} {[%emt 00:00:06]} cxd5 {[%clk
01:31:40]} {[%emt 00:00:06]} 4. Bd3 {[%clk 01:32:08]} {[%emt 00:00:05]} Nc6
{[%clk 01:32:05]} {[%emt 00:00:05]} 5. c3 {[%clk 01:32:32]} {[%emt 00:00:06]}
Nf6 {[%clk 01:32:30]} {[%emt 00:00:05]} 6. Bf4 {[%clk 01:31:16]} {[%emt
00:01:47]} g6 {[%clk 01:32:50]} {[%emt 00:00:09]} 7. Nd2 {[%clk 01:29:58]}
{[%emt 00:01:48]} Bg7 {[%clk 01:33:08]} {[%emt 00:00:13]} 8. Qc2 {[%clk
01:25:31]} {[%emt 00:04:56]} Nh5 {[%clk 01:29:11]} {[%emt 00:04:27]} 9. Bg3
{[%clk 01:24:24]} {[%emt 00:01:38]} a6 {[%clk 01:24:04]} {[%emt 00:05:37]} 10.
Ngf3 {[%clk 01:18:00]} {[%emt 00:06:53]} Bg4 {[%clk 01:19:59]} {[%emt
00:04:34]} 11. O-O {[%clk 01:09:46]} {[%emt 00:08:45]} Nxg3 {[%clk 01:18:02]}
{[%emt 00:02:27]} 12. fxg3 {[%clk 01:07:40]} {[%emt 00:02:36]} O-O {[%clk
01:15:00]} {[%emt 00:03:33]} 13. Rae1 {[%clk 01:05:50]} {[%emt 00:02:19]} Rc8
{[%clk 01:13:33]} {[%emt 00:01:57]} 14. Qb3 {[%clk 01:02:43]} {[%emt 00:03:37]}
b5 {[%clk 01:11:35]} {[%emt 00:02:28]} 15. a4 {[%clk 00:58:40]} {[%emt
00:04:34]} Rb8 {[%clk 01:00:49]} {[%emt 00:11:15]} 16. Qa2 {[%clk 00:50:40]}
{[%emt 00:08:31]} e6 {[%clk 00:52:02]} {[%emt 00:09:16]} 17. Ra1 {[%clk
00:47:48]} {[%emt 00:03:23]} Qc7 {[%clk 00:38:51]} {[%emt 00:13:41]} 18. Kh1
{[%clk 00:40:49]} {[%emt 00:07:29]} bxa4 {[%clk 00:23:02]} {[%emt 00:16:19]} 19.
Bxa6 {[%clk 00:36:48]} {[%emt 00:04:31]} e5 {[%clk 00:21:44]} {[%emt 00:01:47]}
20. dxe5 {[%clk 00:32:54]} {[%emt 00:04:24]} Nxe5 {[%clk 00:21:32]} {[%emt
00:00:42]} 21. Qxd5 {[%clk 00:29:53]} {[%emt 00:03:31]} Rxb2 {[%clk 00:17:50]}
{[%emt 00:04:12]} 22. Nxe5 {[%clk 00:23:41]} {[%emt 00:06:41]} Be6 {[%clk
00:15:21]} {[%emt 00:03:00]} 23. Qc6 {[%clk 00:19:36]} {[%emt 00:04:35]} Qxe5
{[%clk 00:14:28]} {[%emt 00:01:23]} 24. Nf3 {[%clk 00:18:42]} {[%emt 00:01:24]}
Qh5 {[%clk 00:08:44]} {[%emt 00:06:14]} 25. Rxa4 {[%clk 00:12:08]} {[%emt
00:07:04]} Bd5 {[%clk 00:09:06]} {[%emt 00:00:08]} 26. Qd6 {[%clk 00:11:43]}
{[%emt 00:00:55]} Bxf3 {[%clk 00:04:31]} {[%emt 00:05:05]} 27. Rxf3 {[%clk
00:11:36]} {[%emt 00:00:38]} Rb1 {[%clk 00:03:01]} {[%emt 00:01:59]} 28. Rf1
{[%clk 00:11:33]} {[%emt 00:00:32]} Rxf1 {[%clk 00:02:28]} {[%emt 00:01:04]} 29.
Bxf1 {[%clk 00:11:58]} {[%emt 00:00:06]} Bxc3 {[%clk 00:02:34]} {[%emt
00:00:23]} 30. Rc4 {[%clk 00:10:01]} {[%emt 00:02:27]} Be5 {[%clk 00:02:35]}
{[%emt 00:00:29]} 31. Qd3 {[%clk 00:08:42]} {[%emt 00:01:50]} Qg5 {[%clk
00:02:45]} {[%emt 00:00:18]} 32. Qe4 {[%clk 00:06:36]} {[%emt 00:02:37]} Qf6
{[%clk 00:01:13]} {[%emt 00:02:02]} 33. Qf3 {[%clk 00:06:40]} {[%emt 00:00:26]}
Qb6 {[%clk 00:00:54]} {[%emt 00:00:49]} 34. Rc1 {[%clk 00:06:23]} {[%emt
00:00:47]} Kg7 {[%clk 00:00:40]} {[%emt 00:00:44]} 35. Rd1 {[%clk 00:05:44]}
{[%emt 00:01:09]} Qb2 {[%clk 00:00:32]} {[%emt 00:00:38]} 36. Qe2 {[%clk
00:05:41]} {[%emt 00:00:33]} 1-0

[Event "Tournoi International du Pays de Charleroi 2018"]
[Site "Roux, Belgium"]
[Date "2018.07.30"]
[Round "3.6"]
[White "Verheyen, Olivier"]
[Black "De Schampheleire, Glen"]
[Result "0-1"]
[BlackTitle "FM"]
[WhiteElo "2012"]
[BlackElo "2347"]

1. e4 {[%clk 01:30:54]} {[%emt 00:00:04]} c5 {[%clk 01:27:30]} {[%emt
00:03:32]} 2. Nf3 {[%clk 01:31:14]} {[%emt 00:00:09]} d6 {[%clk 01:27:44]}
{[%emt 00:00:17]} 3. d4 {[%clk 01:31:38]} {[%emt 00:00:06]} cxd4 {[%clk
01:28:09]} {[%emt 00:00:05]} 4. Nxd4 {[%clk 01:32:02]} {[%emt 00:00:06]} Nf6
{[%clk 01:28:34]} {[%emt 00:00:04]} 5. Nc3 {[%clk 01:32:29]} {[%emt 00:00:04]}
a6 {[%clk 01:29:00]} {[%emt 00:00:04]} 6. h3 {[%clk 01:32:18]} {[%emt
00:00:41]} e5 {[%clk 01:29:23]} {[%emt 00:00:07]} 7. Nde2 {[%clk 01:32:45]}
{[%emt 00:00:03]} h5 {[%clk 01:29:37]} {[%emt 00:00:15]} 8. Bg5 {[%clk
01:32:52]} {[%emt 00:00:24]} Be6 {[%clk 01:29:58]} {[%emt 00:00:10]} 9. Bxf6
{[%clk 01:31:38]} {[%emt 00:01:43]} Qxf6 {[%clk 01:30:15]} {[%emt 00:00:13]} 10.
Nd5 {[%clk 01:32:00]} {[%emt 00:00:07]} Qd8 {[%clk 01:30:40]} {[%emt 00:00:06]}
11. Nec3 {[%clk 01:30:35]} {[%emt 00:01:55]} g6 {[%clk 01:30:06]} {[%emt
00:01:04]} 12. Bc4 {[%clk 01:30:35]} {[%emt 00:00:30]} Bh6 {[%clk 01:29:18]}
{[%emt 00:01:18]} 13. Bb3 {[%clk 01:29:13]} {[%emt 00:01:52]} O-O {[%clk
01:25:42]} {[%emt 00:04:05]} 14. O-O {[%clk 01:28:19]} {[%emt 00:01:25]} Nc6
{[%clk 01:17:38]} {[%emt 00:08:34]} 15. f4 {[%clk 01:25:40]} {[%emt 00:03:09]}
exf4 {[%clk 01:00:17]} {[%emt 00:17:52]} 16. Nxf4 {[%clk 01:25:52]} {[%emt
00:00:17]} Bxb3 {[%clk 01:00:39]} {[%emt 00:00:09]} 17. axb3 {[%clk 01:25:59]}
{[%emt 00:00:22]} Bg7 {[%clk 01:00:51]} {[%emt 00:00:18]} 18. Nfd5 {[%clk
01:13:11]} {[%emt 00:13:17]} Nd4 {[%clk 00:47:38]} {[%emt 00:13:44]} 19. Ra4
{[%clk 01:10:05]} {[%emt 00:03:36]} Ne6 {[%clk 00:45:26]} {[%emt 00:02:42]} 20.
Qf3 {[%clk 01:02:20]} {[%emt 00:08:15]} Be5 {[%clk 00:37:40]} {[%emt 00:08:16]}
21. Nf6+ {[%clk 00:56:03]} {[%emt 00:06:46]} Kg7 {[%clk 00:37:46]} {[%emt
00:00:25]} 22. Ncd5 {[%clk 00:55:56]} {[%emt 00:00:36]} b5 {[%clk 00:35:04]}
{[%emt 00:03:12]} 23. Ra2 {[%clk 00:54:47]} {[%emt 00:01:40]} Nd4 {[%clk
00:31:11]} {[%emt 00:04:23]} 24. Qd1 {[%clk 00:51:44]} {[%emt 00:03:32]} a5
{[%clk 00:29:15]} {[%emt 00:02:27]} 25. c3 {[%clk 00:50:53]} {[%emt 00:01:21]}
Ne6 {[%clk 00:29:37]} {[%emt 00:00:07]} 26. Kh1 {[%clk 00:43:48]} {[%emt
00:07:35]} Rb8 {[%emt 00:12:48]} 27. Qa1 {[%clk 00:36:02]} Nc5 {[%clk
00:21:37]} {[%emt 00:04:29]} 28. Qd1 {[%clk 00:35:51]} {[%emt 00:00:41]} Rb7
{[%clk 00:18:30]} {[%emt 00:03:37]} 29. Qd2 {[%clk 00:33:22]} {[%emt 00:02:59]}
Rh8 {[%clk 00:15:13]} {[%emt 00:03:47]} 30. Qc2 {[%clk 00:30:29]} {[%emt
00:03:23]} b4 {[%clk 00:10:43]} {[%emt 00:05:00]} 31. c4 {[%clk 00:30:17]}
{[%emt 00:00:42]} a4 {[%clk 00:10:49]} {[%emt 00:00:24]} 32. Raa1 {[%clk
00:28:03]} {[%emt 00:02:44]} axb3 {[%clk 00:10:58]} {[%emt 00:00:22]} 33. Qd2
{[%clk 00:27:17]} {[%emt 00:01:15]} Qb8 {[%clk 00:10:09]} {[%emt 00:01:19]} 34.
Ra5 {[%clk 00:25:06]} {[%emt 00:02:41]} Ra7 {[%clk 00:07:50]} {[%emt 00:02:48]}
35. Rb5 {[%clk 00:16:47]} {[%emt 00:08:50]} Qa8 {[%clk 00:08:15]} {[%emt
00:00:05]} 36. Rxb4 {[%clk 00:13:14]} {[%emt 00:04:03]} Ra1 {[%clk 00:08:06]}
{[%emt 00:00:39]} 37. Qf2 {[%clk 00:11:51]} {[%emt 00:01:54]} Nd3 {[%clk
00:05:55]} {[%emt 00:02:40]} 38. Nxh5+ {[%clk 00:12:13]} {[%emt 00:00:08]} Rxh5
{[%clk 00:06:01]} {[%emt 00:00:23]} 39. Qxf7+ {[%clk 00:12:35]} {[%emt
00:00:08]} Kh6 {[%clk 00:05:33]} {[%emt 00:00:58]} 40. Rxb3 {[%clk 00:04:27]}
{[%emt 00:08:39]} Rf5 {[%clk 00:05:35]} {[%emt 00:00:28]} 41. Qxg6 {[%clk
00:04:17]} {[%emt 00:00:40]} Kxg6 {[%clk 00:05:59]} {[%emt 00:00:06]} 42. exf5+
{[%clk 00:04:04]} {[%emt 00:00:43]} Kh6 {[%clk 00:06:07]} {[%emt 00:00:21]} 0-1